| 000 | 00467 a2200169 4500 | ||
|---|---|---|---|
| 005 | 20250628081929.0 | ||
| 020 | _a0-07-290387-2 | ||
| 082 | _a382.1 PUG | ||
| 100 | _aPUGEL,T.A. | ||
| 245 | _aInternational Economic. | ||
| 250 | _a11th Ed. | ||
| 260 |
_aNew Delhi, _bMcGraw-Hill, _c2000. |
||
| 300 |
_axxiii,709p.:Ill.;figures. _bIndex, References. _c23cm. |
||
| 700 | _aPETER,H.LINDERT. | ||
| 856 |
_yAccess Online Book . _fEconomics. _dwww.mhhe.com |
||
| 942 |
_2ddc _cBKS |
||
| 999 |
_c797 _d797 |
||